| 000 | 00669na a2200205 4500 | ||
|---|---|---|---|
| 001 | 24009 | ||
| 003 | MIRAKIL | ||
| 005 | 20181213155326.0 | ||
| 008 | 180219b tu 000 0 | ||
| 040 |
_aMilas _btur _cTR-AnCHP |
||
| 041 | _atur | ||
| 082 |
_aCHP 956.21142 _bB55 2016 |
||
| 090 | _aCHP 956.21142 B55 2016 | ||
| 245 |
_a1992'den bugüne CHP Gaziemir _bAlmanak _cGaziemir CHP İlçe Başkanlığı |
||
| 260 |
_aİzmir _bGaziemir CHP İlçe Başkanlığı _c2016 |
||
| 300 |
_a296 s. _bfotğ. , tbl. _c21 sm. |
||
| 610 |
_aCumhuriyet Halk Partisi (CHP) _xGaziemir/ İzmir _xTarih |
||
| 650 |
_aSiyaset ve yönetim _xCHP _zGaziemir/ İzmir |
||
| 942 |
_2dcc _cBKS |
||
| 999 |
_c10573 _d10573 |
||